Wheel of Time Aes Sedai - Black Tower Expedition - Statistics

General Stats
  • This quiz has been taken 22 times
  • The average score is 5 of 10
Answer Stats
Ajah Answer % Correct
Red Toveine Gazal
100%
White Ayako Norsoni
60%
Yellow Desandre Alraed
60%
Brown Gabrelle Brawley
60%
Red Lemai Ambani
60%
Gray Adrielle
40%
Green Aisling Noon
40%
Gray Akoure Vayet
40%
Yellow Carniele Emares
40%
Red Jenare Balmaen
40%
No matching quizzes found
Score Distribution
Percent of People with Each Score
Percentile by Number Answered
Your Score History
You have not taken this quiz